Tri thức thế giới: Loài vật tỏ tình như thế nào
Spremljeno u:
| Glavni autor: | |
|---|---|
| Format: | Knjiga |
| Jezik: | Undetermined |
| Izdano: |
H.
VHTT
2003
|
| Teme: | |
| Oznake: |
Dodaj oznaku
Bez oznaka, Budi prvi tko označuje ovaj zapis!
|
| Thư viện lưu trữ: | Trung tâm Học liệu Trường Đại học Cần Thơ |
|---|
| LEADER | 00525nam a2200181Ia 4500 | ||
|---|---|---|---|
| 001 | CTU_58261 | ||
| 008 | 210402s9999 xx 000 0 und d | ||
| 082 | |a 001 | ||
| 082 | |b H600 | ||
| 100 | |a Nguyễn Đình Nhơn | ||
| 245 | 0 | |a Tri thức thế giới: Loài vật tỏ tình như thế nào | |
| 245 | 0 | |c Lưu Gia Hy, Nguyễn Đình Nhơn | |
| 260 | |a H. | ||
| 260 | |b VHTT | ||
| 260 | |c 2003 | ||
| 650 | |a knowledge | ||
| 904 | |i Minh | ||
| 980 | |a Trung tâm Học liệu Trường Đại học Cần Thơ | ||